| 000 | 00776nam a22002177a 4500 | ||
|---|---|---|---|
| 003 | 0 | ||
| 005 | 20251014094856.0 | ||
| 008 | 251014b xxu||||| |||| 00| 0 eng d | ||
| 020 | _a978-1-5297-6279-2 | ||
| 050 |
_aQP 363.3 _b.C53 2023 |
||
| 100 |
_aClark, Martin, _eauthor. |
||
| 245 |
_aBrain and behaviour : _bmolecular mechanisms of neurotransmission and their role in disorder / _cMartin Clark. |
||
| 260 |
_aLondon : _bSage Publications Ltd, _c2023. |
||
| 300 |
_axiv, 326 pages : _billustrations ; _c24 cm. |
||
| 504 | _aIncludes bibliographical references and index. | ||
| 650 |
_aNeurotransmitters _xPhysiological effect. |
||
| 650 | _aNeurophysiology. | ||
| 650 |
_aBrain _xPhysiology. |
||
| 650 |
_aNeurobehavioral disorders _xMolecular aspects. |
||
| 942 |
_2lcc _cBK |
||
| 999 |
_c368227 _d368227 |
||